[Event "EU-Cup 33rd"]
[Site "Antalya"]
[Date "2017.10.09"]
[Round "2.3"]
[White "Roiz, Michael"]
[Black "Navara, David"]
[Result "1/2-1/2"]
[WhiteElo "2604"]
[BlackElo "2726"]
[Annotator "Roiz,M"]
[PlyCount "81"]
[EventDate "2017.10.08"]
[EventType "team-swiss"]
[EventRounds "7"]
[EventCountry "TUR"]
[SourceTitle "CBM 181"]
[Source "ChessBase"]
[SourceDate "2017.11.10"]
[SourceVersion "1"]
[SourceVersionDate "2017.11.10"]
[SourceQuality "1"]
[WhiteTeam "Beer Sheva"]
[BlackTeam "Novy Bor"]
[WhiteTeamCountry "ISR"]
[BlackTeamCountry "CZE"]

1. d4 Nf6 2. c4 e6 3. Nf3 b6 4. a3 Bb7 5. Nc3 d5 6. Bf4 {An extremely rare
move, which was used to surprise my experienced opponent.} Bd6 (6... dxc4 $5 {
as was played against my teammate a long time ago seems to offer Black a solid
position:} 7. e3 Bd6 8. Bg3 Nd5 9. Bxc4 Nxc3 10. bxc3 O-O $11 {Huzman,A -
Chernin,A Neum 2000}) 7. Bxd6 (7. Bg5 {is what I successfully employed vs GM
Bartel 8 years ago, but it doesn't have an independent value, since the least
Black can do is} Be7 {transposing to another theoretical line.}) 7... Qxd6 $6 (
{A safer way of handling the position seems to be} 7... cxd6 8. e3 O-O 9. cxd5
Nxd5 10. Nxd5 Bxd5 11. Bd3 f5 ({After} 11... Nd7 12. e4 Bb7 13. O-O e5 14. Re1
{Anton Guijarro,D -Zhigalko,S Poikovsky RUS 2017, White had a tiny advantage.})
12. O-O Nd7 13. Qe2 Nf6 14. Nd2 Bb7 15. e4 fxe4 16. Nxe4 Nxe4 17. Bxe4 Bxe4 18.
Qxe4 Qf6 19. Rae1 Rae8 20. h3 Qf4 $11 {Salomon,J - Urkedal,F Fagernes NOR 2016}
) 8. cxd5 Nxd5 (8... exd5 {looks like a definite concession, since the
resulting pawn structure mostly favours White. The play might continue:} 9. Rc1
a6 10. g3 O-O 11. Bg2 Nbd7 12. O-O Rfe8 13. e3 Rac8 14. Ne1 c5 15. dxc5 bxc5
16. Nd3 $14 {Nakamura,H - Dubov,D Doha QAT 2016}) 9. Nb5 $1 {This innovation
is definitely the only way to pose Black some problems. White manages to
build-up a strong pawn centre.} ({But} 9. Nxd5 Bxd5 10. e3 O-O $11 {Bulgurlu,O
- Kavon,R Prague CZE 2012; is harmless.}) 9... Qd8 ({As was mentioned by David,
} 9... Qe7 10. e4 a6 11. exd5 exd5+ 12. Kd2 axb5 13. Bxb5+ Kd8 14. Re1 Qf6 15.
Rc1 c6 16. Bd3 $36 {looks very dangerous for Black, since White's development
is much better.}) 10. e4 Ne7 {This move looks quite passive.} ({The more
natural retreat} 10... Nf6 {has its drawbacks too:} 11. Rc1 c6 12. Nc3 O-O 13.
e5 $1 Nd5 14. Ne4 c5 15. Nd6 $14 {and Black is suffering from the strong Nd6
in his camp.}) 11. Qc2 c6 12. Nc3 O-O 13. Rd1 ({The most aggressive} 13. O-O-O
$6 Nd7 14. h4 {would lead to very double-edged play:} Qb8 15. e5 h6 16. Ng5
hxg5 17. hxg5 Ng6 18. Bd3 Ndxe5 19. dxe5 Qxe5 $132) ({But another move
deserving serious attention is} 13. Bd3 $5 Nd7 14. O-O c5 (14... Ng6 15. Rad1
Nf4 16. Bc4 $36) 15. Rad1 Ng6 (15... cxd4 16. Nxd4 Qb8 17. e5 Nxe5 18. Bxh7+
Kh8 19. Be4 $36) 16. Bb5 $14 {with strong pressure along the d-file.}) 13...
Nd7 {Here I had to choose a square for my light-squared bishop.} 14. Be2 (14.
Bc4 {, keeping the e-file unlocked is worth considering:} Qc7 15. O-O Rfd8 16.
Rfe1 $14 {and Black's counterplay is limited.}) 14... Ng6 15. O-O Qe7 {
Connecting the rooks is a vital measure.} ({The pseudo-aggressive} 15... Nf4
16. Bc4 {doesn't offer Black any activity on the kingside:} Qf6 17. g3 Ng6 18.
Be2 $14) 16. Rfe1 {Black's position lacks any weaknesses, but it's rather
passive.} Rfd8 ({An attempt to liberate the bishop by means of} 16... Rad8 17.
Bf1 c5 {wouldn't solve the problems either:} 18. d5 exd5 19. Nxd5 Bxd5 20. exd5
Qd6 21. Qa4 $14) 17. Bf1 e5 $6 {David doesn't want to sit and wait any longer,
but this advance is inviting fresh troubles.} ({A better move was} 17... Rac8
18. g3 Nf6 19. Bh3 Rb8 $14) 18. g3 $1 {Restricting the mobility of my
opponent's knights. Alas, it took me too long...} Nf6 ({For some reasons,
during the game I was worried about} 18... exd4 19. Nxd4 Nde5 20. Bg2 Ba6 {
, keeping an eye on the exposed d3-spot. However, after} 21. Nf5 Qf8 22. Rxd8
Rxd8 23. Qa4 Bc4 24. Qxa7 Nd3 25. Rd1 Nxb2 26. Rb1 $16 {Black would still be
in trouble.}) 19. Bg2 Rd7 ({Black wouldn't benefit from simplifying matters
after} 19... c5 20. dxe5 (20. d5 Ne8 21. Nd2 Nd6 $14 {looks more acceptable
for Black.}) 20... Nxe5 21. Nxe5 Qxe5 22. f4 Qe6 23. e5 Bxg2 24. Qxg2 Ne8 25.
Nd5 $16) 20. dxe5 {At this moment I didn't consider any alternatives,} ({
but there was also a good enough move in the form of} 20. h3 $5 Rad8 21. dxe5
Nxe5 22. Nxe5 Qxe5 23. f4 Qc7 24. e5 Rxd1 25. Rxd1 Rxd1+ 26. Nxd1 Nd7 27. Ne3
$16) 20... Nxe5 21. Nxe5 Qxe5 22. Rxd7 {I had a feeling, that this move isn't
the most precise, but hoped that I would not fully spoil my advantage before
crossing the time control.} ({Indeed,} 22. f4 $1 {was stronger:} Qc5+ 23. Qf2 (
{But} 23. Kh1 {offers less:} Rxd1 24. Qxd1 Qe7 $14) 23... Qxf2+ 24. Kxf2 Rad8
25. e5 Ng4+ 26. Kg1 Rxd1 27. Rxd1 Rxd1+ 28. Nxd1 $16 {Black is suffering from
the poor minor pieces.}) 22... Nxd7 23. f4 Qe7 24. e5 {At this moment I really
liked my posiiton: the knight is heading to d6, whereas Black's pieces are
rather passive.} Nf8 ({Possibly} 24... Rd8 {was somewhat more precise, though
after} 25. Rd1 Nc5 26. h4 Ne6 27. Qa4 Rxd1+ 28. Nxd1 Qc5+ 29. Kh2 a5 30. Nc3
$16 {Black would be still doomed to a passive defence.}) 25. Rd1 Rd8 26. Rxd8 (
{Correctly rejecting} 26. Ne4 $2 Rxd1+ 27. Qxd1 c5 28. Qd6 Qe8 29. f5 Bxe4 30.
Bxe4 Qa4 31. Qd5 Qe8 $1 32. Bd3 g6 33. g4 Qe7 $132) 26... Qxd8 27. Nb5 $2 {
A bad decision, which I can hardly explain. In fact, exchanging the passive
Bb7 is Black's main goal in this position!} ({The natural} 27. Qd1 {would have
kept Black under strong pressure:} Qe7 (27... Qxd1+ 28. Nxd1 Ne6 29. Kf2 Kf8
30. Nc3 $16) 28. Qd6 $1 ({For some reason, I only considered} 28. Ne4 $2 c5 29.
Nd6 Bxg2 30. Kxg2 Qe6 $11 {, and then Black obtains sufficient counterplay due
to vulnerablity of White's king.}) 28... Qxd6 29. exd6 f5 ({But} 29... f6 $2 {
is worse:} 30. Nb5 cxb5 31. Bxb7 Kf7 32. Bd5+ Ke8 33. Bc6+ Kf7 34. f5 $1 $18 {
, and Black is paralysed.}) 30. Nb5 $1 {In comparison to the game, this move
is inviting favourable simplifications} cxb5 31. Bxb7 Kf7 32. Bc8 g6 33. g4 $16
{Despite the major exchanges, White's d-passer is putting Black in grave
danger. For instance,} (33. Kf2 Ke8 34. Ke3 Kd8 35. Ba6 Kd7 $11) 33... fxg4 34.
Bxg4 Ne6 35. f5 Nd4 36. d7 Nc6 37. fxg6+ hxg6 38. Bf3 Nd8 39. Be4 g5 40. Kf2
Ke7 41. Kf3 Kxd7 42. Kg4 $18) 27... cxb5 28. Bxb7 g5 {It turns out, that
White's king is weaker now. Obviously, Black is out of danger.} 29. fxg5 {
The safest. Now Black's king is not that safe either.} ({The other way of
maintaining the balance -} 29. Kg2 Ng6 30. Kf3 gxf4 31. gxf4 Qd4 32. Be4 $11 {
looks scary to a human eye.}) 29... Qxg5 30. Qe2 Qe7 31. Ba6 Ng6 (31... Qc5+
32. Kg2 Qd5+ 33. Kh3 $11) 32. Qxb5 (32. Bxb5 Qc5+ 33. Kg2 Qd5+ 34. Kh3 Nxe5 35.
a4 $11) 32... Nxe5 33. Qd5 {The queen's centralisation makes White's position
safer.} Qf6 34. Be2 a5 35. Qe4 Kg7 36. Kg2 h6 37. Kg1 Nc6 38. Qg4+ Kf8 39. Qc8+
Kg7 40. Qg4+ Kf8 41. Qc8+ 1/2-1/2

[Event "Amsterdam Euwe Memorial"]
[Site "Amsterdam"]
[Date "1996.03.22"]
[Round "1"]
[White "Lautier, Joel"]
[Black "Short, Nigel D"]
[Result "1-0"]
[WhiteElo "2630"]
[BlackElo "2665"]
[Annotator "Romero Holmes"]
[PlyCount "75"]
[EventDate "1996.03.22"]
[EventType "tourn"]
[EventRounds "9"]
[EventCountry "NED"]
[EventCategory "18"]
[SourceTitle "CBM 052"]
[Source "ChessBase"]
[SourceDate "1996.06.01"]
[SourceVersion "1"]
[SourceVersionDate "1996.06.01"]
[SourceQuality "1"]

1. d4 {Dautov Lautier} Nf6 2. c4 e6 3. Nf3 b6 4. a3 Bb7 5. Nc3 d5 6. Qc2 a6 $5
{An interesting try. It is more usual} (6... dxc4 7. e4) 7. cxd5 exd5 8. g3 (8.
Bg5 {Dautov} Nbd7 9. e3 Be7 10. Bd3 (10. Be2 O-O 11. O-O Re8 12. b4 Bd6 13.
Rfe1 Qe7 14. Bd3 Qf8 15. Nd2 c5 16. bxc5 bxc5 17. dxc5 Bxc5 $10 {Olafsson,
H-Arnason,J/Reykjavik Olafsson (03) ;CBM 49 1995}) 10... g6 11. O-O c5 12. dxc5
bxc5 13. Qa4 c4 14. Be2 O-O 15. Rfd1 Qb6 16. Qc2 Bd6 17. Rd4 Rfe8 $10 {
Illescas Cordoba,M-Ljubojevic,L (8)/Linares m 1993}) 8... Nbd7 9. Bf4 Be7 10.
Bg2 Nf8 {This a good manouver, of course, but white can exploit the situation
of the king.} (10... O-O) (10... O-O 11. O-O Re8 12. Rfd1 $14) 11. Ne5 (11. O-O
Ne6 12. Be5 O-O 13. Rfd1 Nd7 14. Rac1 $14) 11... Ne6 12. Qa4+ {This is the
problem. Black wanted to play Nf8-e6, just thinking in the future to take in
consideration the move Re8.} Kf8 (12... b5 $2 13. Nxb5) 13. Rd1 $1 {This is a
good move, protecting d4 and playing against the future "bridge pawns".} Nxf4 (
13... c5 $2 {Dautov} 14. dxc5 bxc5 15. Nxd5 $1 Bxd5 16. Bxd5 Nxd5 17. Nd7+ Kg8
18. Rxd5 $18) 14. gxf4 g6 15. Qb3 {A very ambitious move, just against d5, and
creating the threat e4. But in the future, after a move like Rb8, c5 is coming,
taking the chance of the tactical emplacement of the queen.   Short woud be
happy if white would have played} (15. Nc6 $2) (15. Nc6 {Dautov} Qd7 16. Nxe7
Qxa4 17. Nxa4 Kxe7 18. Rc1 Kd6 $10) 15... Kg7 {Finally black is at the point
of obtaining a reasonable position.} 16. Bf3 $5 {A risky plan, trying to push
the h pawn, weakening g6.} (16. O-O Qd6 {followed by Qe6,Rfd8,Rb8 and c5.} (
16... Qd6 {Dautov} 17. e3 Rhd8 {/\Rab8,c5})) (16. e4 $5 {The problem of this
move is that changes the caracter of the position and your central pawns
become weaker.} c6 (16... Qd6 17. exd5 {and Nc6} Rhd8 18. f5 $1 (18. Nc6 Bxc6
19. dxc6 Qxf4 $13)) 17. f5 $5 $36) (16. h4 $1 {Dautov Lautier}) 16... Rf8 $6 {
I think that black had to play inmediately} (16... Qd6 {followed by Qe6. The
queen is perfectly placed in this square, just defending the king and ready to
prepare the thematic break c5.}) 17. h4 Rb8 (17... h5 {Dautov} 18. Rg1 Kh7 19.
f5 gxf5 20. Rg5 $16) 18. h5 c5 {Black puts pressure in the center, trying to
get to the white king.} 19. e3 Qd6 20. Rg1 Qe6 {May be too late.} 21. hxg6 fxg6
(21... hxg6 $2 {Dautov <->h} 22. Qc2 Kh8 23. Ke2 cxd4 24. exd4 Rbc8 25. f5 $1
Qxf5 26. Qxf5 gxf5 27. Rh1+ Nh7 28. Rh6 Kg7 29. Rxb6 $16) 22. Qc2 {White plan
is already finished. Can black defend the tactical posibilities that brings
the pressure on g6?} (22. Ne2 $5 {Dautov}) 22... Kh8 23. Rh1 Kg7 24. Rg1 (24.
Ke2 {Dautov} cxd4 25. exd4 (25. Rxd4 Bd6 $132) 25... Rg8 26. Rdg1 Kf8 $13)
24... Kh8 25. dxc5 $5 {With this move Lautier eliminates the defenders of the
king by tactical ways, but he cannot avoid the repetition of moves.} bxc5 (
25... Bxc5 {Now is not possible the sacrifice, like in the game.} 26. b4 $5 (
26. Ne2) (26. Nxd5 $2 Bxd5 27. Bxd5 Nxd5 28. Rxd5 Qxd5 29. Nxg6+ hxg6 30. Qxg6
Rb7 31. e4 Bxf2+ (31... Qxe4+ 32. Qxe4 Re7)) 26... Bd6 (26... Be7 $1 27. Ne2
$16 (27. Nxd5 $10 Nxd5 28. Bxd5 Bxd5 29. Rxd5 Qxd5 30. Nxg6+ hxg6 31. Qxg6 Rf7
32. e4 Qb7 33. Qh5+ Rh7 34. Qe5+ Bf6 35. Qxf6+ Rg7)) 27. Nxg6+ hxg6 28. Qxg6
Qe7 29. Rh1+ Nh7 30. Nxd5 $18 (30. Rxh7+ Qxh7 31. Qxd6)) 26. Nxd5 (26. Nxg6+
hxg6 27. Qxg6 Qf7 28. Rh1+ Nh7 29. Qxf7 Rxf7 30. Nxd5 Ba8 $10) 26... Bxd5 27.
Bxd5 Nxd5 28. Rxd5 Rf5 $4 {Why not} (28... Qxd5 29. Nxg6+ hxg6 30. Qxg6 Rf7 31.
e4 Qb7 32. Qh5+ (32. Rh1+ $2 Bh4 33. Rxh4+ Rh7 34. Qf6+ Qg7 35. Rxh7+ Kxh7 36.
Qh4+ Kg8 $19) 32... Rh7 33. Qe5+ Bf6 34. Qxf6+ Rg7 35. Qh6+ Kg8 (35... Rh7 {
Dautov} 36. Qf6+ Rg7 $10) 36. Qe6+ Kf8 (36... Qf7 $2 37. Rxg7+ Kxg7 38. Qe5+
$18) (36... Kh8 37. Qh6+ $10) 37. Rh1 Rg8 38. Qf6+ Ke8 39. Qe6+ $10) 29. Rd2 g5
(29... Bf6 {Dautov} 30. Rd6 $1 Qc8 31. Rc6 Qb7 32. Qxf5 $1 gxf5 33. Rxf6 Rg8
34. Nf7+ Qxf7 35. Rxf7 Rxg1+ 36. Ke2 $18) 30. Nc6 Rbf8 31. Nxe7 Qxe7 32. Qc3+
Kg8 33. Qc4+ R8f7 (33... Kh8 {Dautov} 34. Rxg5 Rxg5 35. fxg5 Qxg5 36. Qxa6 $18)
34. Rd5 Kf8 35. Rxg5 Rxf4 36. Qxa6 Rxf2 37. Qc8+ Qe8 38. Rg8+ 1-0

[Event "Manresa"]
[Site "Manresa"]
[Date "1995.??.??"]
[Round "3"]
[White "Garcia Ilundain, David"]
[Black "Epishin, Vladimir"]
[Result "1/2-1/2"]
[WhiteElo "2510"]
[BlackElo "2640"]
[Annotator "Romero Holmes"]
[PlyCount "93"]
[EventDate "1995.06.??"]
[EventType "tourn"]
[EventRounds "9"]
[EventCountry "ESP"]
[EventCategory "11"]
[SourceTitle "CBM 049"]
[Source "ChessBase"]
[SourceDate "1995.12.01"]
[SourceVersion "1"]
[SourceVersionDate "1995.12.01"]
[SourceQuality "1"]

1. d4 Nf6 2. Nf3 e6 3. c4 b6 4. a3 Bb7 5. Nc3 g6 6. Qc2 Bxf3 7. gxf3 Nc6 8. Qd1
$5 $146 {/\Bg5} (8. e3) 8... Bg7 9. Bg5 O-O 10. f4 d5 11. cxd5 exd5 12. Bg2 Ne7
13. b4 {/\b5} a6 14. O-O (14. a4 Qd6 15. b5 axb5 16. axb5 Ra3) 14... c6 15. Rc1
Ra7 16. Qd3 Qd6 17. e3 (17. Na4 b5 (17... a5 18. b5 cxb5 19. Qxb5 Ne4 20. Bxe4
dxe4 21. Bxe7 Rxe7 22. e3) 18. Nc5 a5) 17... b5 18. Bh3 $1 {Avoiding the idea
Nc8-b6} (18. Na2 Nc8) 18... a5 (18... Nc8 19. Bxc8 $1) 19. Na2 Rfa8 20. Bxf6
Qxf6 21. Rc3 $16 {White is clearly better because of the weakness of c6 and
the better bishop,  and Epishin now is forced to try some counterplay in the
kingside.} Qh4 22. Bg2 g5 $1 23. fxg5 Qxg5 24. bxa5 Kh8 $1 25. Kh1 Rg8 26. Bf3
Bf8 27. Nb4 Rg6 28. Qd1 $1 (28. a6 Qh4) 28... Rxa5 29. Rg1 Qf6 30. Rg3 Rh6 31.
Qg1 $1 {/\Rxc6. Seems that black has equalized but the problems continue...}
Rg6 32. Bh5 Rg7 (32... Rxg3 33. hxg3 $18) 33. Rxg7 Bxg7 34. Nd3 {In this
position the white knight is very powerful: can go every where.} (34. Qg3 $5)
34... Qf5 35. Qg4 Qxg4 36. Bxg4 {/\Bd7} f5 37. Bh3 {/\Nb4} Ra6 38. Nb4 Rb6 39.
Kg2 Kg8 40. Kf3 $2 (40. f4 $1 $16 {xf5.The endgame is very unpleasant for
black. White will probably prepare a4  and penetrate with the white rook in
some moment: Nd3-c5,Rb3,a4}) 40... Kf7 41. Bf1 Ke6 42. Nd3 Kd6 43. Nc5 Rb8 44.
Rb3 f4 $1 $10 45. Bd3 (45. Kxf4 Rf8+ 46. Kg3 Nf5+ 47. Kh3 Nxd4 48. exd4 Rxf2
$132) 45... fxe3 46. fxe3 Rf8+ 47. Ke2 1/2-1/2

[Event "Moscow-ch op"]
[Site "Moscow"]
[Date "1995.??.??"]
[Round "11"]
[White "Rustemov, Alexander"]
[Black "Gagarin, Vasilij"]
[Result "1-0"]
[WhiteElo "2475"]
[BlackElo "2420"]
[Annotator "Rustemov,A"]
[PlyCount "77"]
[EventDate "1995.??.??"]
[EventType "swiss"]
[EventRounds "11"]
[EventCountry "RUS"]
[SourceTitle "EXT 1997"]
[Source "ChessBase"]
[SourceDate "1996.11.15"]
[SourceVersion "1"]
[SourceVersionDate "1996.11.15"]
[SourceQuality "1"]

1. d4 {Shipov} Nf6 2. Nf3 e6 3. c4 b6 4. a3 c5 5. d5 Ba6 6. Qc2 exd5 7. cxd5 g6
8. Nc3 Bg7 9. g3 d6 10. Bg2 O-O 11. O-O Nbd7 (11... Re8 $5) (11... b5 $5) (
11... Ng4 $6) 12. Qa4 $5 {N/} (12. h3 Ne8 (12... Bb7 $5 13. Nd2 Re8 14. Nc4 Ne5
15. Nxe5 Rxe5 {Kavalek,L-Reshevsky,S/USA/1981/0,5/15/}) 13. a4 Ne5 14. Nxe5
Bxe5 15. Re1 Bg7 16. e4 $14 {Timman,J-Larsen,B/Las Palmas/1981/}) (12. h3 {
Shipov}) (12. Re1 {Shipov}) 12... Bb7 (12... Qc8 $6 13. Bf4 (13. Bh3 $16 {
Shipov}) 13... Ne8 14. Bh3 f5 15. e4 $16) 13. Qh4 $1 Ne8 $8 (13... Nxd5 14. Ng5
$18 (14. Ng5 {Shipov} h6 15. Nxd5 hxg5 16. Bxg5 $16)) (13... Bxd5 14. Nxd5 Nxd5
15. Ng5 $18) (13... Re8 {Shipov} 14. Bg5 Qe7 $1 {/\ Qf8,h6/} 15. Rad1 (15. e4
$2 Qf8 16. Nd2 h6 17. Be3 g5 18. Qh3 Ne5 $36 {>< Qh3/}) (15. Nd2 $2 Qf8 16. Nc4
h6 17. Bd2 Ba6 $1 $36) 15... Qf8 16. Bc1 a6 17. Nd2 $2 (17. a4 $1 h6 18. h3 g5
19. Qc4 $14) 17... b5 $15 {Grooten,H-Riemersma,L/NED/1993/0:1/44/}) 14. Bg5 (
14. Qxd8 Rxd8 $10) 14... f6 15. Bd2 Ne5 $1 16. Nxe5 dxe5 (16... fxe5 {Shipov}
17. Qxd8 Rxd8 18. b4 $14) 17. b4 $5 (17. e4 Nd6 $14) 17... cxb4 $6 (17... Rc8
$32 18. bxc5 Rxc5 $14) (17... Nd6 $5 {Shipov} 18. bxc5 bxc5 $10) 18. Qxb4 Nd6 (
18... Rf7 $5) (18... f5 {Shipov} 19. e4 Nd6 $10) 19. Nb5 Nxb5 20. Qxb5 $16 e4
$2 (20... f5 $5 21. e4 $16) 21. Bxe4 $1 (21. Rad1 {Shipov} Qxd5 22. Qxd5+ Bxd5
23. Bb4 Rfd8 24. Rxd5 Rxd5 25. Bxe4 Rad8 26. Bxd5+ Rxd5 $10) 21... f5 22. Bf3
Bxa1 23. Rxa1 $16 {>< Kg8/} Rc8 24. Qd3 Rf7 $1 (24... Qf6 $1 $13 {>< c3/}) 25.
Bc3 {/^ a1-h8/} Rfc7 $6 (25... Rd7 $5 26. Rd1 (26. Qd4 $2 Rxc3 27. Qxc3 Bxd5
$14) 26... Rxd5 $1 27. Bxd5+ Qxd5 28. Qxd5+ Bxd5 29. Rxd5 Rxc3 30. Rd8+ Kf7 31.
Rd7+ Kf6 32. Rxa7 $16) (25... Rxc3 $2 {Shipov} 26. Qxc3 Bxd5 27. Rd1 Rd7 28.
Bxd5+ Rxd5 29. Qc4 $18) 26. Bb2 Rc4 $8 27. Rd1 Qd6 28. Qe3 (28. h4 $5 {/\h5->/}
) 28... Bc6 $2 (28... f4 $5) (28... f4 $1 {Shipov} 29. gxf4 Rxf4 (29... Qxf4
30. Qe6+ Kf8 $5) 30. Be5 Rxf3 31. exf3 Qd7 $16) 29. Qh6 Qd7 30. Rd3 $1 Ba4 31.
Re3 Bc2 (31... Rc2 {Shipov} 32. d6 $1 Rxb2 33. Bd5+ Kh8 34. Re7 $18) 32. Re6
Be4 33. d6 $5 $18 (33. Rxg6+ $1 hxg6 34. Qxg6+ Kf8 35. Qh6+ Ke8 (35... Kg8 36.
Qh8+ Kf7 37. Bh5+ Ke7 38. Qf6#) 36. Qh8+ Ke7 37. Qf6+ Ke8 38. Bh5+) 33... Rc1+
$5 (33... Re8 34. Rxe8+ Qxe8 35. Qg7#) 34. Kg2 Bxf3+ 35. exf3 R1c2 36. Bd4 (36.
Re7 Qxe7 37. dxe7 Rxb2 38. Qc1 $1 Rxc1 39. e8=Q+ Kg7 40. Qe5+ $18) 36... R2c4
37. Re7 Qxe7 38. dxe7 Rxd4 39. Qe3 1-0

[Event "Tata Steel-B 77th"]
[Site "Wijk aan Zee"]
[Date "2015.01.10"]
[Round "1"]
[White "Salem, AR Saleh"]
[Black "Potkin, Vladimir"]
[Result "1/2-1/2"]
[WhiteElo "2603"]
[BlackElo "2608"]
[Annotator "Sagar Shah"]
[PlyCount "97"]
[EventDate "2015.01.10"]
[EventType "tourn"]
[EventRounds "13"]
[EventCountry "NED"]
[EventCategory "13"]
[SourceTitle "CBM 165"]
[Source "ChessBase"]
[SourceDate "2015.03.11"]
[SourceVersion "1"]
[SourceVersionDate "2015.03.11"]
[SourceQuality "1"]

1. d4 Nf6 2. c4 e6 3. Nf3 b6 4. a3 Bb7 5. Nc3 d5 6. Qc2 Be7 7. cxd5 Nxd5 8. e4
Nxc3 9. bxc3 O-O 10. Bd3 c5 11. O-O Qc7 12. Qe2 Nc6 13. d5 Na5 14. c4 Nb3 15.
Rb1 Nxc1 16. Rfxc1 Rfe8 17. dxe6 fxe6 18. e5 Bxf3 19. Qxf3 {Nothing special
has happened in this game and Potkin has played well as black in order to
equalise but now he gets greedy and picks up a pawn which gives White a chance
to snatch the initiative.} Qxe5 $6 (19... g6 $11 {was better.}) 20. Re1 $6 (20.
Qh3 $1 {Was not a difficult move to make.} g6 21. Re1 Qc7 (21... Qd4 $6 22. Be4
$1 (22. Rbd1 {is also possible.}) 22... Rac8 (22... Rad8 23. Bc6 Rf8 24. Qxe6+
Rf7 25. Bd5 Rxd5 26. cxd5 Qxf2+ 27. Kh1 $16) 23. Qxe6+ Kh8 24. Bd5 $14) 22.
Rxe6 Bf8 23. Be4 Rad8 24. Bd5 $36 {White definitely has the initiative here.})
20... Qf6 21. Qh3 Qh6 $1 {Maybe this was the move that Salem underestimated.}
22. Qxh6 gxh6 {White cannot expect anything more than a draw here.} 23. Rxe6
Bg5 24. Bf5 Rxe6 25. Bxe6+ Kg7 26. Bd5 Re8 27. Kf1 h5 28. Rb3 h4 29. g3 h5 30.
gxh4 Bf4 31. Rf3 Rf8 32. h3 Rf6 33. a4 a5 34. Ke2 Be5 35. Re3 Bd4 36. Rg3+ Kh6
37. Rg2 Rg6 38. Rg3 Rf6 39. f3 Rg6 40. Rxg6+ Kxg6 41. Bc6 Bf6 42. Be8+ Kh6 43.
Ke3 Bxh4 44. Ke4 Be1 45. f4 h4 46. Kd5 Kg7 47. Kc6 Kf6 48. Kxb6 Bb4 49. Bd7
1/2-1/2